000 00310 a2200121 4500
999 _c321812
_d321812
001 86739
003 NUST
005 20180123112311.0
008 180123b xxu||||| |||| 00| 0 eng d
082 _a891.4393 AMA
100 _aNawab Mirza Aman Ali Khan
_99598
245 _aDaastan-e-Ameer Hamza
_hUrdu
260 _aKarachi
_bOxford University Press
_c2011
300 _a534p.
942 _aCAE NUST
_cBK
_k891.4393 AMA
_2ddc